| 000 | 00723nam a2200325Ia 4500 | ||
|---|---|---|---|
| 001 | 30246 | ||
| 003 | 95917 | ||
| 005 | 20240711091950.0 | ||
| 008 | ||||||n9999 ||| || || | ||
| 041 | _aspa | ||
| 082 |
_219 _a301045 |
||
| 100 |
_aWeber, Alfred _92148 |
||
| 245 | 0 | _aSociologia de la historia y de la cultura | |
| 260 |
_aBuenos Aires : _bGalatea, _c1957. |
||
| 300 | _a180p | ||
| 490 | _aColeccion el hombre, la sociedad y la historia | ||
| 562 | _e1 | ||
| 942 | _cBKM | ||
| 942 | _cBKM | ||
| 999 |
_c30246 _d30246 |
||
| 526 | _a102618 | ||
| 526 | _a15794 | ||
| 526 | _a102620 | ||
| 526 | _a10406 | ||
| 526 | _a4969 | ||
| 526 | _a19790 | ||
| 526 | _a104436 | ||
| 526 | _a3899 | ||
| 526 | _a9683 | ||
| 526 | _a1703 | ||